Mandapas of the Vijayanagara Nayaks period in Tamil Nadu : (Record no. 52833)

MARC details
000 -LEADER
fixed length control field 00610nam a2200205Ia 4500
005 - DATE AND TIME OF LATEST TRANSACTION
control field 20260429112208.0
008 - FIXED-LENGTH DATA ELEMENTS--GENERAL INFORMATION
fixed length control field 260429s9999||||xx |||||||||||||| ||und||
020 ## - INTERNATIONAL STANDARD BOOK NUMBER
International Standard Book Number 9789355282279
041 ## - LANGUAGE CODE
Language English
082 ## - DEWEY DECIMAL CLASSIFICATION NUMBER
Classification number 726.145
Item number KUM
100 ## - MAIN ENTRY--PERSONAL NAME
Personal name Kumaran, S.
245 #0 - TITLE STATEMENT
Title Mandapas of the Vijayanagara Nayaks period in Tamil Nadu :
Remainder of title a historical and cultural study /
Statement of responsibility, etc S. Kumaran
250 ## - EDITION STATEMENT
Edition statement 1st ed.
260 ## - PUBLICATION, DISTRIBUTION, ETC. (IMPRINT)
Place of publication, distribution, etc Chennai :
Name of publisher, distributor, etc MJP Publishers ,
Date of publication, distribution, etc 2022.
300 ## - PHYSICAL DESCRIPTION
Extent xlvii, 254 p.; hb
650 ## - SUBJECT ADDED ENTRY--TOPICAL TERM
Topical term or geographic name as entry element Tamil Nadu-History
650 ## - SUBJECT ADDED ENTRY--TOPICAL TERM
Topical term or geographic name as entry element Vijayanagara Empire
650 ## - SUBJECT ADDED ENTRY--TOPICAL TERM
Topical term or geographic name as entry element Temple architecture
942 ## - ADDED ENTRY ELEMENTS (KOHA)
Koha item type Text Books
Holdings
Withdrawn status Lost status Damaged status Not for loan Collection code Home library Location Shelving location Date of Cataloging Source of acquisition Total Checkouts Full call number Barcode Date last seen Price effective from Koha item type
        Non-fiction CUTN Central Library CUTN Central Library Arts & Sports 29/04/2026 Tamilnadu Book House, Chennai - Invoice No. IN/73 on 17-02-2026   726.145 KUM 57958 29/04/2026 29/04/2026 Text Books